00405nam a2200193Ia 4500003000900000008004100009040001300050040001300063041000800076100001700084245002800101250001200129260001400141260000900155300001100164300001200175490001800187490000600205IT-RoPAU120407s9999 xx 000 0 und d aIT-RoPAU cIT-RoPAU afra aPierre Locht aHarmonie des vocations. aTournai aCasterman c1965 a106 p. c19,5 cm aStati di vita v1